Orientasi moral di kalangan pelajar Tingkatan Empat /
Saved in:
| 主要作者: | |
|---|---|
| 格式: | Thesis 圖書 |
| 語言: | English |
| 出版: |
2009.
|
| 主題: | |
| 在線閱讀: | http://dspace.fsktm.um.edu.my/handle/1812/415 |
| 標簽: |
添加標簽
沒有標簽, 成為第一個標記此記錄!
|
| LEADER | 01360cam a2200313 a 4500 | ||
|---|---|---|---|
| 001 | u785932 | ||
| 003 | SIRSI | ||
| 005 | 201001071138 | ||
| 008 | 100107s2009 my t 000 0 eng m | ||
| 040 | |a UMM | ||
| 043 | |a a-my--- | ||
| 090 | |a LB7 |b UMP 2009 Sakhsa | ||
| 100 | 0 | |a Sakhilah Haji Shahkat Ali. | |
| 245 | 1 | 0 | |a Orientasi moral di kalangan pelajar Tingkatan Empat / |c Sakhilah Hj. Shahkat Ali. |
| 260 | |c 2009. | ||
| 300 | |a ix, 384 leaves : |b ill. ; |c 30 cm. | ||
| 502 | |a Thesis (Ph.D) -- Jabatan Asas Pendidikan dan Kemanusiaan, Fakulti Pendidikan, Universiti Malaya, 2009. | ||
| 504 | |a Bibliography: leaves 329-346. | ||
| 650 | 0 | |a Moral education |x Study and teaching (Secondary) | |
| 650 | 0 | |a Ethical problems |x Social aspects. | |
| 650 | 0 | |a Students |z Malaysia |x Social problems |x Moral and ethical aspects. | |
| 650 | 0 | |a Values |x Study and teaching (Secondary) | |
| 650 | 0 | |a Education, Secondary |x Social aspects |v Case studies. | |
| 710 | 2 | |a Universiti Malaya. |b Jabatan Asas Pendidikan dan Kemanusiaan. | |
| 856 | 4 | 1 | |u http://dspace.fsktm.um.edu.my/handle/1812/415 |
| 900 | |a SJMK-ZA | ||
| 596 | |a 1 8 | ||
| 999 | |a LB7 UMP 2009 SAKHSA |w LC |c 1 |i A513730245 |d 6/1/2018 |e 6/1/2018 |f 29/3/2010 |g 1 |l STACKS |m P01UTAMA |n 13 |r Y |s Y |t TESIS |u 29/3/2010 | ||
| 999 | |a LB7 UMP 2009 SAKHSA |w LC |c 1 |i A517751965 |f 3/8/2022 |g 2 |l STACKS |m P08PENDIDI |r Y |s Y |t TESIS |u 2/8/2022 |0 EDU |1 AHSS | ||
